| 000 | 00965cam a2200313 a 4500 | ||
|---|---|---|---|
| 001 | 3145 | ||
| 005 | 20240214093533.0 | ||
| 020 | _a0060277130 | ||
| 020 | _a9780064442732 | ||
| 040 |
_aDLC _cDLC _dDLC _beng |
||
| 050 | 0 | 0 |
_aPZ8.3.C66 _b 1998 |
| 082 | 0 | 0 | _a811.54 |
| 100 | 1 | _aCohen, Caron Lee | |
| 245 | 1 | 0 |
_aHow many fish? / _cstory by Cohen, Lee Cohen; pictures by Schindler, S.D. |
| 250 | _aFirst Harper Trophy edition. 2000 | ||
| 260 |
_aNew York : _bHarperCollinsPublishers, _c1998 |
||
| 300 |
_a25 pages : _bcolor illustrations ; _c22 cm. |
||
| 490 | 0 | _aMy first I can read book | |
| 505 | _aC | ||
| 520 | _aA school of fish and a group of children frolic in the bay. | ||
| 521 |
_a150
_bLexile |
||
| 521 |
_aC
_bRaz-Plus |
||
| 650 | 1 |
_aFishes _vFiction |
|
| 650 | 1 | _aCounting | |
| 650 | 1 | _aStories in rhyme | |
| 700 | 1 |
_aSchindler, S. D. _eillustrator |
|
| 906 |
_a7 _bcbc _corignew _d1 _eocip _f19 _gy-gencatlg |
||
| 942 |
_2ddc _cBK _n0 |
||
| 999 |
_c3145 _d3145 |
||